Významným faktorom rozvoja je človek

Marketing územia ako dôležitý nástroj plánovania a rozhodovania. Charakteristika marketingu územia. Čo prináša marketing územia. Konkurencia území. Formulácia vízie, poslania a cieľov rozvoja územia. Diskusia s verejnosťou. Problematika marketingu územia je aktuálna najmä v súvislosti so vstupom Slo...

Ausführliche Beschreibung

Gespeichert in:
Bibliographische Detailangaben
1. Verfasser: Vaňová, Anna
Format: Buchkapitel
Sprache:Slowakisch
Schlagworte:
Tags: Tag hinzufügen
Keine Tags, Fügen Sie das erste Tag hinzu!

MARC

LEADER 00000naa$a2200000$$$4500
001 0018875
005 20231016083626.3
041 0 |a slo 
044 |a SK 
245 1 0 |a Významným faktorom rozvoja je človek  |c Anna Vaňová 
520 |a Marketing územia ako dôležitý nástroj plánovania a rozhodovania. Charakteristika marketingu územia. Čo prináša marketing územia. Konkurencia území. Formulácia vízie, poslania a cieľov rozvoja územia. Diskusia s verejnosťou. Problematika marketingu územia je aktuálna najmä v súvislosti so vstupom Slovenska do Európskej únie. 
610 2 0 |a marketing územia 
610 2 0 |a plánovanie 
610 2 0 |a riadenie 
610 2 0 |a rozhodovanie 
610 2 0 |a konkurencia 
610 2 0 |a diskusia 
610 2 0 |a regióny 
610 2 0 |a Slovensko 
100 1 |a Vaňová, Anna